000 00473nam a22001457a 4500
082 _a620.1
100 _aSajid, Zubair
245 _aShape Memory Effect of SMAs for Combined Axial Torsion Movements /
_cZubair Sajid
260 _aIslamabad :
_bCEME - NUST,
_c2015.
300 _a90 p. ;
_c30cm.
650 _aMechanical Engineering-MS-Thesis
_916090
700 _aDr. Syed Waheed Ul Haq
_918639
942 _2ddc
_cTHE
999 _c537868
_d537868